| 000 | 00495nam a2200181Ia 4500 | ||
|---|---|---|---|
| 003 | OSt | ||
| 005 | 20260327123237.0 | ||
| 008 | 211028s2009 xx 000 0 und d | ||
| 040 | _cAIMIT LIBRARY | ||
| 041 | _aeng | ||
| 082 | _a658.15 NAGA | ||
| 100 |
_aNagaraj G;Dias, Beena. _g716087 _96283 |
||
| 245 | _aA study on customer awarness online- share-trading in ICICI direct. com / | ||
| 260 |
_bDias, Beena _c2009 |
||
| 600 |
_aFinance _96284 |
||
| 650 |
_aFinance _96285 |
||
| 942 |
_2ddc _cPRO |
||
| 999 |
_c218186 _d218186 |
||